<?xml version="1.0" encoding="UTF-8"?>
<collection xmlns="http://www.loc.gov/MARC21/slim">
 <record>
  <leader>03225nam a22002531a 4500</leader>
  <controlfield tag="001">1/24591</controlfield>
  <controlfield tag="008">      s2001    lu     f      00010 gre d</controlfield>
  <datafield tag="022" ind1="0" ind2=" ">
   <subfield code="a">0254-1483</subfield>
  </datafield>
  <datafield tag="022" ind1="0" ind2=" ">
   <subfield code="a">0254-1475</subfield>
  </datafield>
  <datafield tag="028" ind1="3" ind2="1">
   <subfield code="a">KT-CO-01-521-GR-C</subfield>
  </datafield>
  <datafield tag="028" ind1="3" ind2="1">
   <subfield code="a">KT-CO-01-521-EN-C</subfield>
  </datafield>
  <datafield tag="028" ind1="3" ind2="1">
   <subfield code="a">2001/0189 (ACC)</subfield>
  </datafield>
  <datafield tag="035" ind1=" " ind2=" ">
   <subfield code="l">26356</subfield>
  </datafield>
  <datafield tag="040" ind1=" " ind2=" ">
   <subfield code="a">GR-PeUP</subfield>
  </datafield>
  <datafield tag="084" ind1=" " ind2=" ">
   <subfield code="a">KET COM (2001) 484 τελικό</subfield>
  </datafield>
  <datafield tag="110" ind1="2" ind2=" ">
   <subfield code="a">Επιτροπή των Ευρωπαϊκών Κοινοτήτων.</subfield>
  </datafield>
  <datafield tag="245" ind1="1" ind2="0">
   <subfield code="a">Πρόταση απόφασης του Συμβουλίου σχετικά με τη σύναψη ενός πρόσθετου πρωτοκόλλου για την προσαρμογή των εμπορικών πτυχών της Ευρωπαϊκής συμφωνίας Σύνδεσης μεταξύ των Ευρωπαϊκών Κοινοτήτων και των κρατών μελών της, ενεργόντας στο πλαίσιο της Εύρωπαϊκής Ένωσης, αφενός, και της Δημοκρατίας της Σλοβενίας, αφετέρου, ώστε να ληφθούν υπόψη τα αποτελέσματα των διαπραγματεύσεων μεταξύ των μερών για αμοιβαίες προτιμησιακές γεωργικές παραχωρήσεις για ορισμένους οίνους και ορισμένα αλκοολούχα ποτά, με την αμοιβαία αναγνώριση, την προστασία και τον έλεγχο των ονομασιών των οίνων και την αμοιβαία αναγνώριση, την προστασία και τον έλεγχο των ονομασιών των αλκοολούχων και των αρωματισμένων ποτών:</subfield>
   <subfield code="b">υποβληθείσα από την Επιτροπή/</subfield>
   <subfield code="c">Επιτροπή των Ευρωπαϊκών Κοινοτήτων</subfield>
  </datafield>
  <datafield tag="246" ind1="1" ind2="0">
   <subfield code="a">Proposal for a Council Decision on the conclusion of an Additional Protocol adjusting the trade aspects of the Europe Agreement establishing an association between the European Communities and their Member States, acting within the framework of the European Union, of the one part, and the Republic of Slovenia, of the other part, to take account of the outcome of the negotiations between the parties on reciprocal preferential concessions for certain wines and spirits, the reciprocal recognition, protection and control of wine names and the reciprocal recognition, protection and control of designations for spirits and aromatised drinks:</subfield>
   <subfield code="b">presented by the Commission</subfield>
  </datafield>
  <datafield tag="260" ind1="0" ind2=" ">
   <subfield code="a">Βρυξέλλες, Λουξεμβούργο:</subfield>
   <subfield code="b">Υπηρεσία Επισήμων Εκδόσεων των Ευρωπαϊκών Κοινοτήτων,</subfield>
   <subfield code="c">14.8.2001</subfield>
  </datafield>
  <datafield tag="300" ind1=" " ind2=" ">
   <subfield code="a">38 σελ.</subfield>
  </datafield>
  <datafield tag="500" ind1=" " ind2=" ">
   <subfield code="a">Δίγλωσσο</subfield>
  </datafield>
  <datafield tag="852" ind1=" " ind2=" ">
   <subfield code="a">INST</subfield>
   <subfield code="b">UNIPILB</subfield>
   <subfield code="c">KET</subfield>
   <subfield code="e">20050214</subfield>
   <subfield code="h">COM (2001) 484</subfield>
   <subfield code="p">COM (2001) 484</subfield>
   <subfield code="q">COM (2001) 484</subfield>
   <subfield code="t">NOLOAN</subfield>
   <subfield code="y">23</subfield>
   <subfield code="4">1</subfield>
  </datafield>
  <datafield tag="856" ind1="4" ind2="1">
   <subfield code="u">http://eur-lex.europa.eu/LexUriServ/LexUriServ.do?uri=COM:2001:0484:FIN:EL:PDF</subfield>
  </datafield>
  <datafield tag="856" ind1="4" ind2="1">
   <subfield code="u">http://eur-lex.europa.eu/LexUriServ/LexUriServ.do?uri=COM:2001:0484:FIN:EN:PDF</subfield>
  </datafield>
 </record>
</collection>
